تحميل...

A saga of south Kamrup/

التفاصيل البيبلوغرافية
المؤلف الرئيسي: Indira Goswami
التنسيق: Printed Book
منشور في: New Delhi: Sahitya Akademi, 1993.
الموضوعات:
LEADER 00618nam a22001811a 4500
020 |a 9788172011529 
082 |a 823  |b IND/S 
100 |a Indira Goswami   |9 138558 
245 |a A saga of south Kamrup/  |c by Indira Goswami  
260 |a New Delhi:  |b Sahitya Akademi,  |c 1993. 
300 |a 316p. 
650 |a Translation Assamese Novel  |9 138559 
650 |a Novel English  |9 138560 
650 |a Literature English  |9 138561 
650 |a Literature  |9 138562 
942 |c BK 
999 |c 39091  |d 39091 
952 |0 0  |1 0  |4 0  |6 823_000000000000000_IND_S  |7 0  |9 56523  |a SSUS  |b SSUS  |d 2015-01-08  |g 135.00  |o 823 IND/S  |p 022190  |r 2015-01-08  |v 0.00  |w 2015-01-08  |y BK